| 000 | 00339nam a22001217a 4500 | ||
|---|---|---|---|
| 082 |
_a297.63 _bSHI |
||
| 100 | _aAllama Shibli Naumani, Syed Suleman Nadvi | ||
| 245 |
_aSeerat un Nabi (PBUH) Vol-3 _cAllama Shibli Naumani, Syed Suleman Nadvi |
||
| 260 |
_a- _bPAF Book Club _c- |
||
| 300 | _a468p | ||
| 563 | _aHB | ||
| 942 |
_2ddc _cBK |
||
| 999 |
_c595257 _d595257 |
||